Роль Р38 И PI3K в активации макрофагов водорастворимыми полисахаридами календулы и клевера; Сибирский медицинский журнал; Т. 28, № 3, вып. 1
| Parent link: | Сибирский медицинский журнал.— , 1922- Т. 28, № 3, вып. 1.— 2008.— [С. 92] |
|---|---|
| Drugi avtorji: | , , , , , , , , , , |
| Izvleček: | Заглавие с экрана Режим доступа: по договору с организацией-держателем ресурса |
| Jezik: | ruščina |
| Izdano: |
2008
|
| Teme: | |
| Online dostop: | http://elibrary.ru/item.asp?id=20162261 http://www.cardio-tomsk.ru/attachments/article/230/smj_3_1_2008.pdf#page=92 |
| Format: | MixedMaterials Elektronski Book Chapter |
| KOHA link: | https://koha.lib.tpu.ru/cgi-bin/koha/opac-detail.pl?biblionumber=649319 |
MARC
| LEADER | 00000naa0a2200000 4500 | ||
|---|---|---|---|
| 001 | 649319 | ||
| 005 | 20250304113824.0 | ||
| 035 | |a (RuTPU)RU\TPU\network\14481 | ||
| 035 | |a RU\TPU\network\14479 | ||
| 090 | |a 649319 | ||
| 100 | |a 20160630d2008 k||y0rusy50 ca | ||
| 101 | 0 | |a rus | |
| 102 | |a RU | ||
| 135 | |a drcn ---uucaa | ||
| 181 | 0 | |a i | |
| 182 | 0 | |a b | |
| 200 | 1 | |a Роль Р38 И PI3K в активации макрофагов водорастворимыми полисахаридами календулы и клевера |f М. Г. Данилец [и др.] | |
| 203 | |a Текст |c электронный | ||
| 300 | |a Заглавие с экрана | ||
| 333 | |a Режим доступа: по договору с организацией-держателем ресурса | ||
| 461 | |t Сибирский медицинский журнал |d 1922- | ||
| 463 | |t Т. 28, № 3, вып. 1 |o материалы конференции |v [С. 92] |d 2008 | ||
| 610 | 1 | |a электронный ресурс | |
| 610 | 1 | |a труды учёных ТПУ | |
| 610 | 1 | |a водорастворимые полисахариды | |
| 610 | 1 | |a макрофаги | |
| 610 | 1 | |a иммунология | |
| 701 | 1 | |a Данилец |b М. Г. | |
| 701 | 1 | |a Бельский |b Ю. П. | |
| 701 | 1 | |a Учасова |b Е. Г. | |
| 701 | 1 | |a Бельская |b Н. В. | |
| 701 | 1 | |a Лигачева |b А. А. | |
| 701 | 1 | |a Трофимова |b Е. С. | |
| 701 | 1 | |a Гурьев |b А. М. | |
| 701 | 1 | |a Белоусов |b М. В. |c химик |c профессор Томского политехнического университета, доктор фармацевтических наук |f 1963- |g Михаил Валерьевич |3 (RuTPU)RU\TPU\pers\44498 |9 21812 | |
| 701 | 1 | |a Ахмеджанов |b Р. Р. |c специалист в области экологии и безопасности жизнедеятельности |c профессор Томского политехнического университета, доктор биологических наук |f 1964- |g Рафик Равильевич |3 (RuTPU)RU\TPU\pers\27757 |9 12818 | |
| 701 | 1 | |a Юсубов |b М. С. |c химик |c профессор Томского политехнического университета, доктор химических наук |f 1961- |g Мехман Сулейман-оглы (Сулейманович) |3 (RuTPU)RU\TPU\pers\28058 |9 13020 | |
| 701 | 1 | |a Агафонов |b В. И. | |
| 801 | 2 | |a RU |b 63413507 |c 20191129 |g RCR | |
| 856 | 4 | |u http://elibrary.ru/item.asp?id=20162261 | |
| 856 | 4 | |u http://www.cardio-tomsk.ru/attachments/article/230/smj_3_1_2008.pdf#page=92 | |
| 942 | |c CF | ||